Comuni della Provincia di Enna (con mappa) - Statistics

Statistiche generali
  • Questo quiz è stato fatto 38 volte
  • Il punteggio medio è 18 su 20
Risposte nella Mappa
Le risposte nella mappa del quiz sottostante sono codificate secondo una scala di colori dal rosso al verde in base alla % di persone che hanno risposto correttamente.
 
Statistiche sulle risposte
Risposta % Corretto
Enna
100%
Nicosia
100%
Piazza Armerina
100%
Pietraperzia
94%
Troina
94%
Agira
88%
Barrafranca
88%
Calascibetta
88%
Centuripe
88%
Leonforte
88%
Regalbuto
88%
Valguarnera Caropepe
88%
Villarosa
88%
Aidone
81%
Assoro
81%
Catenanuova
81%
Cerami
81%
Gagliano Castelferrato
81%
Sperlinga
81%
Nissoria
75%
Nessun quiz corrispondente trovato
Distribuzione punteggi
Percentuale di utenti per punteggio
Percentile per numero di risposta
I tuoi punteggi nel tempo
Non hai fatto questo quiz